00000000cam 2200000zi 4500
0019.963041
003CaOODSP
00520260601174035
006m     o  d f      
007cr cn|||||||||
008260525e199701##onc     of   f000 0 fre d
040 |aCaOODSP|bfre|erda|cCaOODSP
043 |an-cn---
0861 |aT52-4/283-1997F-PDF
24500|aGuide d'instructeur : |bGPS.
250 |aPremière édition.
264 1|a[Ottawa] : |bTransports Canada = Transport Canada, |cjanvier 1997.
264 4|c©1997
300 |a1 ressource en ligne (27 pages, 7 pages non numérotées)
336 |atexte|btxt|2rdacontent/fre
337 |ainformatique|bc|2rdamedia/fre
338 |aressource en ligne|bcr|2rdacarrier/fre
500 |aPublié aussi en anglais sous le titre : Instructor guide: GPS.
500 |a« TP 12878F. »
650 6|aAides à la navigation aérienne|xÉtude et enseignement|zCanada|vGuides, manuels, etc.
650 6|aGPS|xÉtude et enseignement|zCanada|vGuides, manuels, etc.
650 6|aVol|xInstruction|zCanada|vGuides, manuels, etc.
655 7|aGuides et manuels|2rvmgf
7101 |aCanada. |bTransports Canada, |eorganisme de publication.
77508|tInstructor guide : |w(CaOODSP)9.961501
85640|qPDF|s231 Ko|uhttps://publications.gc.ca/collections/collection_2026/tc/T52-4-283-1997-fra.pdf
8564 |qHTML|sS.O.|uhttps://tc.canada.ca/fr/aviation/publications/guide-instructeur-vol-formation-gps-tp-12878
986 |aTP 12878F